|
|
|
|
| LEADER |
00000cam a2200000 7i4500 |
| 001 |
0000022522 |
| 005 |
20091207.0 |
| 008 |
091207 at a e eng |
| 020 |
|
|
|a 9781418052591
|
| 040 |
|
|
|a INS
|
| 090 |
0 |
0 |
|a CD 354
|
| 100 |
1 |
|
|a Hartman, Annesa
|
| 245 |
1 |
0 |
|a Exploring photoshop CS3 [
|h electronic resources]
|c Annesa Hartman, Ken Sholar
|
| 260 |
|
|
|a Australia :
|b Thomson ,
|c 2008
|
| 300 |
|
|
|a 1 computer optical disc :
|b ill. ;
|c 4 3/4 in.
|
| 500 |
|
|
|a Includes index
|
| 650 |
0 |
0 |
|a Adobe photoshop
|
| 650 |
0 |
0 |
|a Computer graphics
|
| 700 |
1 |
|
|a Sholar, Ken
|
| 999 |
|
|
|a CD00000354
|b CD-ROM
|c Media Collection
|e Default branch
|